000 01297nam a22002417a 4500
999 _c59347
_d59347
003 Ge_BSU
005 20230126115014.0
008 230126s2001 ge ||||| |||| 00| 0 geo d
041 _ageo
080 _a339.543:34(479.22)(094.4) ლ-85
100 _aლორთქიფანიძე, ვიქტორ
_916791
245 _aსაქართველოს საბაჟო კოდექსის კომენტარები /
_cვიქტორ ლორთქიფანიძე ; მთ. რედ. აკაკი ნიშნიანიძე; რედ. ვალერი ჩიხლაძე; საქ. საბაჟო აკადემია.
250 _aმე-2 გამოც.
264 _aთბილისი,
_c2001.
300 _a472გვ. ;
_b20სმ.
504 _aბიბლიოგრ.: გვ. 470-471.
653 _aსაქართველოს საბაჟო კოდექსი.
700 _aნიშნიანიძე, აკაკი
_eმთ. რედაქტორი
_916798
700 _aჩიხლაძე, ვალერი
_eრედაქტორი
_916801
710 _aსაქ. საბაჟო აკადემია.
_916799
773 _tნაჩუქარი
942 _2udc
_cBK